Les 10 villes les plus peuplées du Puy-de-Dôme (63) - Statistiques

Statistiques générales
  • Ce quiz a été pris 38 fois
  • Le résultat moyen est 8 sur 10
Statistiques - réponses
Population Communes % Correct
147 800 Clermont-Ferrand 147 751
100%
18 700 Riom 18 680
97%
15 100 Issoire 15 078
86%
11 700 Thiers 11 686
77%
17 600 Chamalières 17 591
74%
20 000 Cournon-d'Auvergne 20 020
74%
10 300 Aubière 10 273
69%
10 800 Beaumont 10 787
63%
12 400 Pont-du-Château 12 422
57%
10 300 Gerzat 10 268
54%
Aucun quiz correspondant
Distribution des résultats
% des personnes avec chaque résultat
Percentile par nombre de réponses
Votre historique - résultats
Vous n’avez pas pris ce quiz